Tilastot visalle Arabiliiton jäsenmaat

Klikkaa tästä pelataksesi tätä visaa!

Yleistilastot

  • Tätä visaa on pelattu 13 kertaa
  • Keskiarvotulos 17 / 22

Vastaustilastot

% Oikein
Irak
100%
Bahrain
91%
Jordania
91%
Qatar
91%
Saudi-Arabia
91%
Syyria
91%
Algeria
82%
Egypti
82%
Jemen
82%
Kuwait
82%
Libanon
82%
Libya
82%
Marokko
82%
Sudan
82%
Yhdistyneet arabiemiirikunnat
82%
Oman
73%
Palestiinalaishallinto
73%
Somalia
73%
Tunisia
73%
Djibouti
55%
Mauritania
36%
Komorit
27%

Tulosjakauma

Persentiili vastausten määrän mukaan

Jokaisen tuloksen saaneiden osuus

Tuloshistoriasi

Et ole pelannut tätä visaa